| 000 | 00589nam a22001697a 4500 | ||
|---|---|---|---|
| 005 | 20251108172324.0 | ||
| 008 | 250721s1980 xx 000 0 ara d | ||
| 082 | 1 | 4 | _a306.42/أحم |
| 100 | 1 | _aالنكلاوي، أحمد | |
| 245 | 1 | 0 |
_aالإنسان و التحديث : _bقضايا فكرية و دراسات واقعية / |
| 264 | 1 |
_aالقاهرة : _bمكتبة نهضة الشرق، _c1980. |
|
| 300 | _a388ص | ||
| 490 | 0 | _aسلسلة علم إجتماع العالم الثالث | |
| 650 | 1 | 7 | _aعلم الإجتماع المعرفي |
| 942 |
_2ddc _cBK |
||
| 999 |
_c76180 _d76180 |
||